| 000 | 00713nam a2200169Ia 4500 | ||
|---|---|---|---|
| 005 | 20250719144650.0 | ||
| 008 | 250719s9999 xx 000 0 und d | ||
| 020 | _a9781845119423 | ||
| 082 |
_a939.3918 _bCOT |
||
| 100 | _aOzment, Steven | ||
| 245 | 4 | _aThe Bull of Minos | |
| 260 |
_bI.B. Tauris _c2009 |
||
| 300 | _a252 pages | ||
| 500 | _aA story of two of the most heroic, and controversial, figures in archaeology: Heinrich Schliemann, who discovered the remains of Troy, and Arthur Evans who unearthed the great city of King Minos. Replete with drama and adventure, it tells of the 3,000-year old civilisations that were brought back to life. | ||
| 650 | _aBiography & Autobiography | ||
| 942 | _cENGLISH | ||
| 999 |
_c576575 _d576575 |
||